|
LDR
| 01863nam a22004695i 4500 |
|---|
| 001 | 42371 |
|---|
| 003 | CONS |
|---|
| 005 | 20130726232537.0 |
|---|
| 007 | cr nn 008mamaa |
|---|
| 008 | 121026s2013 gw | s |||| 0|eng d |
|---|
| 020 | | . |
‡a9783642292996
‡9978-3-642-29299-6 |
|---|
| 024 | 7 | . |
‡a10.1007/978-3-642-29299-6
‡2doi |
|---|
| 035 | | . |
‡a(DE-He213)978-3-642-29299-6 |
|---|
| 050 | | 4. |
‡aTD419-428 |
|---|
| 072 | | 7. |
‡aTQSW
‡2bicssc |
|---|
| 072 | | 7. |
‡aKNBW
‡2bicssc |
|---|
| 072 | | 7. |
‡aTEC010000
‡2bisacsh |
|---|
| 100 | 1 | . |
‡aSchäfer, Philip Jan.
‡eauthor. |
|---|
| 245 | 1 | 0. |
‡aHuman and Water Security in Israel and Jordan
‡h[electronic resource] /
‡cby Philip Jan Schäfer. |
|---|
| 264 | | 1. |
‡aBerlin, Heidelberg :
‡bSpringer Berlin Heidelberg :
‡bImprint: Springer,
‡c2013. |
|---|
| 300 | | . |
‡aXVI, 113 p. 1 illus. in color.
‡bonline resource. |
|---|
| 336 | | . |
‡atext
‡btxt
‡2rdacontent |
|---|
| 337 | | . |
‡acomputer
‡bc
‡2rdamedia |
|---|
| 338 | | . |
‡aonline resource
‡bcr
‡2rdacarrier |
|---|
| 347 | | . |
‡atext file
‡bPDF
‡2rda |
|---|
| 490 | 1 | . |
‡aSpringerBriefs in Environment, Security, Development and Peace,
‡x2193-3162 ;
‡v3 |
|---|
| 650 | | 0. |
‡aEnvironmental sciences. |
|---|
| 650 | | 0. |
‡aEnvironmental law. |
|---|
| 650 | | 0. |
‡aEnvironmental pollution. |
|---|
| 650 | | 0. |
‡aSocial policy. |
|---|
| 650 | 1 | 4. |
‡aEnvironment. |
|---|
| 650 | 2 | 4. |
‡aWaste Water Technology / Water Pollution Control / Water Management / Aquatic Pollution. |
|---|
| 650 | 2 | 4. |
‡aEnvironmental Law/Policy/Ecojustice. |
|---|
| 650 | 2 | 4. |
‡aPolitical Economy. |
|---|
| 650 | 2 | 4. |
‡aPolitical Theory. |
|---|
| 650 | 2 | 4. |
‡aEnvironment, general. |
|---|
| 650 | 2 | 4. |
‡aSocial Policy. |
|---|
| 710 | 2 | . |
‡aSpringerLink (Online service) |
|---|
| 773 | 0 | . |
‡tSpringer eBooks |
|---|
| 776 | 0 | 8. |
‡iPrinted edition:
‡z9783642292989 |
|---|
| 830 | | 0. |
‡aSpringerBriefs in Environment, Security, Development and Peace,
‡x2193-3162 ;
‡v3 |
|---|
| 856 | 4 | 0. |
‡uhttp://biblioteca.ipicyt.edu.mx:2048/login?url=http://dx.doi.org/10.1007/978-3-642-29299-6
‡yTexto completo
‡9CONS |
|---|
| 950 | | . |
‡aEarth and Environmental Science (Springer-11646) |
|---|
| 901 | | . |
‡a42371
‡b
‡c42371
‡tbiblio
‡sSystem Local |
|---|